000 00740nam a22001935i 4500
001 165531
003 ES-MaACL
005 20230906213145.0
008 990225s1894 sp |||| | spa d
040 _aCCPB | B
_bspa
_cCCPB | B
100 1 _aGonzález Solis y Cabal, Protasio.
_9127429
245 1 0 _aFlaquezas de la Hacienda ... /
_cpor Protasio G. Solís y Cabal.
260 _aMadrid :
_b[s.n.,
_cs.a] (
_fEstablecimiento tipográfico de Alfredo Alonso)
300 _a120 p. ;
_c24 cm.
500 _aDatos tomados de la cub.
596 _aEl año 1894 consta en la p. 53.
650 4 _aHacienda pública-
_zEspaña.
_913281
852 _aES-MaACL
_jT-988-F-1
_z-- Enc. hol., conservando la cub. original
_z-- Enc. en un vol. facticio
999 _c165531
_d165531